=LDR 00000nam 2200000 4500 =001 NUTBA000000000005167 =005 20141022144938.0 =006 =007 =008 =020 ##$$a 979-24-4144-1 =035 ##$$a 0010-101400000000397 =040 ##$$a NBPDMAT =090 ##$$a 628.446 6 $b Men m =245 ##$$a Menyulap kotoran ternsk menjadi energi alternatif/ Penyunting, Bachtiar DM Ulfah Hidayat, Restu Distiamardianti =250 ##$$a Cet.2 =260 ##$$a Jakarta : $b Citra Unggul Laksana, $c 2011 =300 ##$$a 52 hlm. : $b ilus. ; $c 19 cm. =500 ##$$a Bibilografi : hlm. 50 =650 ##$$a Kotoran Hewan - Biogas =700 ##$$a Bachtiar DM Ulfah Hidayat =850 ##$$a NBPDMAT